000 00919nam a22002657a 4500
001 5634
003 FISKH
005 20250108103522.0
008 250108b cb ||||| |||| 00| 0 eng d
020 _a0684852217
040 _aFISKH
_beng
_cFISKH
_dFISKH
050 _aPS3566.R697
082 _a813.54
100 _aProulx, Annie
245 _aClose range /
_cby Annie Proulx
260 _aNew York :
_bScribner ;
_c1999.
300 _a285 pages :
_billustrations ;
_c21 cm .
490 _a Wyoming Stories
_vBook 1
520 _aA collection of stories set in Wyoming. They range from The Mud Below, on an itinerant rodeo cowboy, to People in Hell Just Want a Drink of Water, which is on a family feud.
650 _aWyorming- Social life and customs
_vfiction
650 _aFrontier and pioneer life- Wyoming
_vfiction
650 _aRanch life - Wyoming
_vfiction
942 _2ddc
_cBK
_n0
999 _c5634
_d5634